| 000 | 00526nam a2200169 i 4500 | ||
|---|---|---|---|
| 001 | 100021 | ||
| 003 | ES-MaACL | ||
| 005 | 20230906182607.0 | ||
| 007 | t| | ||
| 008 | 050921s1972 sp ||||1| spa d | ||
| 100 | 1 |
_aMartínez Raya, Armando. _978347 |
|
| 245 | 1 | 0 |
_aApuntes sobre suelos / _cpor Armando Martínez Raya. |
| 260 |
_aMadrid : _bExtensión Agraria, _c1972. |
||
| 300 |
_a109 p., 4 lám. : _bil. ; _c24 cm. |
||
| 710 | 2 |
_aEspaña. _bServicio de Extensión Agraria. _93975 |
|
| 852 |
_aES-MaACL _jC-45003 _bR.83886 |
||
| 999 |
_c100021 _d100021 |
||